LIBRARY & INFORMATION CENTRE, KCAET, TAVANUR

ONLINE PUBLIC ACCESS CATALOGUE (OPAC)

Analysis of Structures, Vol I / (Record no. 1350)

MARC details
000 -LEADER
fixed length control field 00398cam a2200157ua 4500
003 - CONTROL NUMBER IDENTIFIER
control field OSt
008 - FIXED-LENGTH DATA ELEMENTS--GENERAL INFORMATION
fixed length control field 250602b |||||||| |||| 00| 0 eng d
082 ## - DEWEY DECIMAL CLASSIFICATION NUMBER
Classification number 624.171
Item number VAZ/AN
100 ## - MAIN ENTRY--AUTHOR NAME
Personal name Vazirani, V.N .
245 ## - TITLE STATEMENT
Title Analysis of Structures, Vol I /
250 ## - EDITION STATEMENT
Edition statement 1 /
260 ## - PUBLICATION, DISTRIBUTION, ETC. (IMPRINT)
Place of publication Delhi :
Name of publisher Khanna Publishers ,
Year of publication 1965.
300 ## - PHYSICAL DESCRIPTION
Number of Pages 550 ; .
700 1# - ADDED ENTRY--PERSONAL NAME
Personal name Ratwani, M.M .
942 ## - ADDED ENTRY ELEMENTS (KOHA)
Koha item type Books
Holdings
Withdrawn status Lost status Damaged status Home library Current library Date acquired Full call number Accession Number Koha item type Cost, normal purchase price
      KAUAET KAUAET 07/04/2012 624.171 VAZ/AN 11321 Books  
      KAUAET KAUAET 07/04/2012 624.171 VAZ/AN 11324 Books  
Withdrawn     KAUAET KAUAET 07/04/2012 624.171 21863 Books 220.00
free website counter